| 000 | 00000nam 2200000zi 4500 |
| 001 | 9.894867 |
| 003 | CaOODSP |
| 005 | 20250107144055 |
| 006 | m o d f |
| 007 | cr |n |||||||| |
| 008 | 201222e198401##oncd |os|||f001 0|eng d |
| 040 | |aCaOODSP|beng|erda|cCaOODSP |
| 041 | |aeng|afre |
| 043 | |an-cn--- |
| 086 | 1 |aCS81-569/1984-PDF |
| 245 | 00|aEducation statistics for the seventies, 1979 / |cStatistics Canada, Education, Culture and Tourism Division, Projections and Analysis Section = Les statistiques sur l'éducation pour les années soixante-dix, 1979 / Statistique Canada, Division de l'éducation, de la culture et du tourisme, Section des projections et de l'analyse. |
| 246 | 11|aStatistiques sur l'éducation pour les années soixante-dix, 1979 |
| 264 | 1|aOttawa : |bStatistics Canada = Statistique Canada, |cJanuary 1984. |
| 264 | 4|c©1984 |
| 300 | |a1 online resource (xxvii, 453 pages) |
| 336 | |atext|btxt|2rdacontent |
| 337 | |acomputer|bc|2rdamedia |
| 338 | |aonline resource|bcr|2rdacarrier |
| 500 | |aChiefly tables. |
| 500 | |aIncludes index of tables. |
| 500 | |a"Education statistics for the seventies is the sequel to the Historical compendium of education statistics (Catalogue no. 81-568) published in May 1978"--Forward. |
| 500 | |aDigitized edition from print [produced by Statistics Canada]. |
| 546 | |aText in English and in French. |
| 650 | 0|aEducation|zCanada|vStatistics. |
| 655 | 7|aStatistics|2lcgft |
| 710 | 2 |aStatistics Canada. |
| 792 | |tEducation statistics for the seventies, 1979 / |efre|w(CaOODSP)9.894869 |
| 856 | 40|qPDF|s122.93 MB|uhttps://publications.gc.ca/collections/collection_2020/statcan/CS81-569-1984.pdf |